Adivina las canciones de los álbumes de Trueno - Estadísticas

Estadísticas generales
  • Esta prueba ha sido intentada 703 veces
    97 desde el último reinicio
  • La puntuación promedio es 42 de 59
Estadísticas de respuestas
Feats Atrevido % Correcto
Nicki Nicole, Bizarrap Mamichula
100%
. Rain II
95%
Wos Sangria
93%
Duki Panama
90%
. Atrevido
88%
. Rain III
88%
Nathy Peluso Argentina
86%
. Bien O Mal
86%
Milo J Pumas
83%
Victor Heredia Tierra Zanta
83%
Turrazo
83%
Maria Becerra 90s
81%
. 2.0.1.9
79%
Alemán G.P.S
79%
. Real Gangsta Love
79%
. Azul y Oro
74%
. Buenos Aires En Llamas
74%
Feid Cruz
74%
Young Miko En La City
74%
. Hood
74%
. Ñeri
74%
Rain IV
74%
J Balvin Un Paso
74%
. Cucumelo
71%
. Feel Me??
71%
Pedro Peligro Hoop Hoop
71%
J.I.D Lo Tengo
71%
. Plo Plo!
71%
. Solo Por Vos
71%
Andrés Calamaro 1000 Horas
69%
DJ Premier 344
69%
Neo Pistea Grillz
69%
. Intro
69%
Bizarrap, Randy Jungle
69%
. Night
69%
. The Roof Is On Fire
69%
Zombi
69%
Con El Combo
67%
. Fuck El Police
67%
. Pull Up!
67%
. Dance Crip
64%
. Tranky Funky
64%
Ruben Rada Uruguay
64%
. Ohh Baby
62%
. Background
60%
. Como Antes
60%
. Cuando El Bajo Suena
60%
. Fresh
60%
. Grandmaster
60%
. No Cap
60%
Pity Pity In The Sky
60%
X Unas Llantas
60%
Delivery Freestyle
57%
. Lauryn
57%
. Manifiesto Freestyle
57%
Bailando Sola
55%
. La Nota
55%
. Violento
50%
Estilo Sudaka
43%
No se encontraron pruebas coincidentes
Distribución de puntuación
Porcentaje de gente con cada puntuación
Porcentaje por número respondido
Historial de tus puntuaciones
No has intentado esta prueba desde el último reinicio